000 00277nam a2200109Ia 4500
008 220204s9999 xx 000 0 und d
082 _a82-3
_bWEL
100 _aWells, Angus
245 4 _aThe Best of Isaac Asimov 1939-1952
260 _aGreat Britain
_bSphere
_c1977
942 _cBK
999 _c26799
_d26799